| 000 | 00878cam a22002771 4500 | ||
|---|---|---|---|
| 001 | 886 | ||
| 003 | BD-RjUL | ||
| 005 | 20211208233237.0 | ||
| 008 | 131123s1966 enkah b 001 0 eng d | ||
| 035 | _a(BD-RjUL)908 | ||
| 035 | _a(OCoLC)861535 | ||
| 040 |
_aDLC _cOTU _dOCoLC _dUk _dBD-RjUL _beng |
||
| 041 | _aeng | ||
| 082 |
_a026 _216 _bWAI 1966 |
||
| 100 | 1 |
_aWalker, Jesse Richard Anthony. _92645 |
|
| 245 | 1 | 0 |
_aInformation bulletins in special libraries: _bbackground, problems and practice, _cby J.R.A. Walker. |
| 260 |
_aLondon, _bLibrary Association, _cc1966. |
||
| 300 |
_aviii, 128 p.: _bfacsims., diagrs. _c22 cm. |
||
| 504 | _aBibliography: p. 95-100. | ||
| 650 | 0 |
_aSpecial libraries _zGreat Britain. _92279 |
|
| 650 | 0 |
_aLibraries _xPeriodicals. _92646 |
|
| 710 | 2 |
_aLibrary Association. _92647 |
|
| 942 |
_2ddc _cBK |
||
| 999 |
_c886 _d886 |
||